1062 1012 1664 1777 1665 1199 1823 1734 1218 1398 1466 1691 1611 1188 1111 1534 1799 1668 1506 1272 1470 1495 1977 1582 1038 1161 1701 1066 1806 1327 1609 1091 1407 1871 1204 1083 1614 1967 1807 1785 1529 1350 1799 1542 1671 1521 1731 1687 1371 1050 1700 1249 1713 1904 1765 1365 1635 1525 1131 1037 1937 1081 1170 1806 1325 1117 1990 1338 1583 1221 1931 1643 1301 1999 1234 1234 1594 1839 1084 1307 1500 1434 1792 1192 1014 1723 2000 1511 1533 1733 1545 1938 1283 1904 1420 1777 1636 1410 1983 BCNSPRNW ULIB Ver.6.0+V

เปลี่ยนเป็นภาษาไทย

Change to English
 แสดงรายละเอียดบรรณานุกรม
  กลับหน้าหลัก

Brief Record : Get Marc (ISO 2709) : E-mail record : QR code < ปิดหน้าต่าง
LEADER : 00000nam 2200000uu 4500
001    13399111816
003     ULIB
008    110708s2545||||th 000 0 tha d
020    9747383292
050  4 DS578^bว731ช 2545
100 0  วิไลเลขา ถาวรธนสาร
245 10 ชนชั้นนำไทยกับการรับวัฒนธรรมตะวันตก /^cวิไลเลขา ถาวรธนสาร
250    พิมพ์ครั้งที่ 1
260    กรุงเทพฯ :^bเมืองโบราณ,^c2545
300    160 หน้า :^bภาพประกอบ ;^c24 ซม.
650  4 การเปลี่ยนแปลงทางสังคม
650  4 ชนชั้นสูง^zไทย
650  4 วัฒนธรรมไทย
651  7 ไทย^xความเป็นอยู่และประเพณี
651  7 ไทย^xประวัติศาสตร์^yกรุงรัตนโกสินทร์
945    ^p140^l0^i015973
995    ทศพร
999 ^a ใช้งานได้ทุกระบบ
รายการนี้ยังไม่มีแท็ก
คุณยังไม่ได้ล็อกอิน คุณสามารถมีกิจกรรมร่วมกับเว็บไซต์ได้ แต่ต้องล็อกอินก่อน ::
  ล็อกอิน

รายการสื่อสารสนเทศ

ลำดับที่ ประเภท เลขเรียก/บาร์โค้ด สถานที่ สถานะ
- ไม่พบข้อมูล -

รายการใกล้เคียง
    หัวเรื่อง [การเปลี่ยนแปลงทางสังคม]
    หัวเรื่อง [วัฒนธรรมไทย]

BibComment


ยังไม่เคยถูกคอมเมนท์

คอมเมนท์ทรัพยากรรายการนี้
  คอมเมนท์: ชนชั้นนำไทยกับการ..


 Copyright 2026. Bcnsprnw @Library